000
00292nam a22001217a 4500
082
_a
510
_b
ARO/M
100
_a
O.P.ARORA, V.K.BHANDARI
245
_a
REFRESHER COURSE IN MATHEMATICS
_b
CLASS X
260
_a
DELHI
_b
S.DINESH & CO
300
_a
340
650
_a
MATHS FOR CLASS X
_z
INDIA
942
_c
BK
999
_c
752
_d
752